|
|
|
|
| LEADER |
00000nam0a2200000 4500 |
| 001 |
297005 |
| 005 |
20231102000950.0 |
| 035 |
|
|
|a (RuTPU)RU\TPU\book\322125
|
| 090 |
|
|
|a 297005
|
| 100 |
|
|
|a 20150604d1998 km y0rusy50 ca
|
| 101 |
0 |
|
|a rus
|
| 102 |
|
|
|a RU
|
| 105 |
|
|
|a a g 001zy
|
| 200 |
1 |
|
|a Справочник молодого штукатура
|f М. М. Лебедев
|
| 210 |
|
|
|a Москва
|c Высшая школа
|d 1984
|
| 215 |
|
|
|a 159 с.
|c ил.
|
| 225 |
1 |
|
|a Библиотечная серия
|
| 320 |
|
|
|a Библиогр.: с. 155
|
| 606 |
1 |
|
|a Штукатурное дело
|2 stltpush
|3 (RuTPU)RU\TPU\subj\19590
|9 44811
|
| 610 |
1 |
|
|a справочники
|
| 610 |
1 |
|
|a материаловедение
|
| 610 |
1 |
|
|a строительные материалы
|
| 610 |
1 |
|
|a свойства
|
| 610 |
1 |
|
|a приготовление
|
| 610 |
1 |
|
|a штукатурные растворы
|
| 610 |
1 |
|
|a смеси
|
| 610 |
1 |
|
|a мастики
|
| 610 |
1 |
|
|a штукатурные работы
|
| 610 |
1 |
|
|a механизация
|
| 610 |
1 |
|
|a оштукатуривание
|
| 610 |
1 |
|
|a декоративные покрытия
|
| 610 |
1 |
|
|a листовые материалы
|
| 610 |
1 |
|
|a техника безопасности
|
| 610 |
1 |
|
|a зимнее время
|
| 675 |
|
|
|a 693.61(035)
|v 4
|
| 700 |
|
1 |
|a Лебедев
|b М. М.
|g Михаил Михайлович
|
| 801 |
|
1 |
|a RU
|b 63413507
|c 20150604
|
| 801 |
|
2 |
|a RU
|b 63413507
|c 20181024
|g RCR
|
| 942 |
|
|
|c BK
|